Responses for Show #1152 - Tuesday, September 12, 1989

Bob Blake game 5.
Bob sets a new 5-day winnings record.

Contestants

Pat Gmeiner, a copywriter from Rocky River, Ohio

David Burnett, a freelance photographer from New York, New York

Bob Blake, an actuary from Vancouver, British Columbia (whose 4-day cash winnings total $71,401)

Jeopardy! Round responses

PRESIDENTIAL INAUGURATIONS
TIME
ZOOLOGY
THE ALPS
MIDDLE NAMES
MOVIE THEMES
    $100 11
Theodore Roosevelt

David
    $100 21
Genesis

Bob
    $100 23
sight

David
    $100 16
St. Bernard

David
    $100 1
Custer

David
    $100 6
The Pink Panther

David
    $200 12
the California Raisins

David
    $200 22
(Bob: What's an hourglass?)
(David: What's a metronome?)

a sundial

BobDavid
Triple Stumper
    $200 24
ears

Bob
    $200 17
the Matterhorn

David
    $200 2
Patrick

David
    $200 7
["Where Do I Begin"]

Love Story

David
    $900 13
John F. Kennedy

David
    $300 29
eventide

David
    $300 25
(David: What's a liger?)

a tiglon (or a tigon)

David
Triple Stumper
    $300 18
white

Bob
    $300 3
Chandler

Bob
    $300 8
(Bob: What is Dirty Dancing?)
(Pat: What is "Up Where We Belong"?)
...
(Alex: Looking for the movie.)

An Officer and a Gentleman

BobPat
Triple Stumper
    $400 14
Dwight D. Eisenhower

Bob
    $400 30
December

Triple Stumper
    $400 26
walrus

David
    $400 19
chamois

Bob
    $400 4
Albert

Bob
    $400 9
(David: Just "escaped" me!)

The Great Escape

Triple Stumper
    $500 15
George Washington

Bob
    $500 28
a pendulum

Bob
    $500 27
(Alex: Less than a minute to go.)

a frog

Triple Stumper
    $500 20
chalet

David
    $500 5
Eva Marie Saint

Bob
    $500 10
(Bob: What is...)
(Pat: What is "Mahogany"?)

Valley of the Dolls

BobPat
Triple Stumper

Scores at the first commercial break (after clue 10):

Bob David Pat
$400 $600 -$800

Scores at the end of the Jeopardy! Round:

Bob David Pat
$2,600 $2,900 -$800

Double Jeopardy! Round responses

MEDICINE
KOREAN WAR
BALLET
COLLEGES & UNIVERSITIES
LANGUAGES
"ISM"s
    $200 17
ingrown toenail

David
    $200 7
the United States

Bob
    $200 27
Manitoba

Bob
    $200 1
Yale

David
    $200 2
Latin (or Western)

Bob
    $200 12
terrorism

Bob
    $400 18
colic

Pat
    $400 8
Douglas MacArthur

Bob
    $400 28
the leg

David
    $400 22
(David: What is Catholic University?)

Georgetown

BobDavid
    $400 3
India

Bob
    $400 13
antidisestablishmentarianism

Pat
    $600 19
narcolepsy

Pat
    $600 9
(Pat: What is the 48th Parallel?)

the 38th Parallel

BobPat
    $600 30
A Midsummer Night's Dream

Bob
    $600 23
Dartmouth

David
    $1,100 4
English & Welsh

Bob
    $600 14
vandalism

Bob
    $800 20
birth control pills

Bob
    $800 10
Inchon

David
    $800 29
Princess Caroline of Monaco

Bob
    $800 24
(Pat: What is Wellesley?)
(Bob: What is Radcliffe?)
(David: What is...)
...
(Alex: Less than a minute to go in the round.)

Mount Holyoke

BobDavidPat
Triple Stumper
    $800 5
Andorra

Bob
    $3,000 15
botulism

Bob
    $1000 21
alcohol

Triple Stumper
    $1000 11
Panmunjom

David
    $1000 26
the Royal Ballet

Bob
    $1000 25
Louisiana

David
    $1000 6
Luxembourg

Bob
    $1000 16
hedonism

Bob

Scores at the end of the Double Jeopardy! Round:

Bob David Pat
$15,100 $5,900 -$800
(lock game)

[wagering suggestions for these scores]

Final Jeopardy! Round responses

LITERATURE
(Alex: If you thought of the knitting, the most famous knitter in literature is...)
(Bob: Madame Defarge... A Tale...)
...
(Alex: For the first time in 5 years, I have to say this: when we brought the show back in 1984, our network-of-record established a limit of $75,000 as the most a 5-time champion could win; anything over that would go to a charity--Bob, your charity is...)
(Bob: Oxfam.)
(Alex: That's the group in Canada that looks after the Third World underprivileged children and adults. Congratulations, Bob, on a super showing!)
DavidWhat is "Wuthering Heights?"
$5,899
BobWhat is ?
$4,000
A Tale of Two Cities

Final scores:

Bob David Pat
$11,100 $1 -$800
5-day champion: $75,000 + $7,501 to Oxfam 2nd place: a trip to Waikiki Marina Hotel in Honolulu, Hawaii 3rd place: Benrus gold-toned bracelet watch

Game dynamics:

Coryat scores:

Bob David Pat
$12,400 $5,300 -$800
28 R
(including 2 DDs),
4 W
20 R
(including 1 DD),
4 W
3 R,
4 W

Combined Coryat: $16,900

[game clues] [game scores] [suggest correction]

Game tape date: 1989-06-13
The J! Archive is created by fans, for fans. Scraping, republication, monetization, and malicious use prohibited; this site may use cookies and collect identifying information. See terms. The Jeopardy! game show and all elements thereof, including but not limited to copyright and trademark thereto, are the property of Jeopardy Productions, Inc. and are protected under law. This website is not affiliated with, sponsored by, or operated by Jeopardy Productions, Inc. Join the discussion at JBoard.tv.